000
00260nam a22001097a 4500
082
_a
621.388 CIS'R
100
_a
CISIN, HARRY G
_9
80427
245
_a
RAPID TV TROUBLE SHOOTING METHODS
260
_a
NEWYORK
_b
HARRY G. CISIN
_c
1967
300
_a
22P
942
_c
BK
999
_c
585363
_d
585363